| 000 | 00649nam a2200241 a 4500 | ||
|---|---|---|---|
| 001 | 0001-1143 | ||
| 003 | ELIB.Books | ||
| 008 | 150505 2010 eng | ||
| 020 | _a69109382 | ||
| 035 | _a(ELIB.Books)0001-1298 | ||
| 092 |
_a242 _bSt. Scholastica's College |
||
| 100 | _aHolmes, Marjorie. | ||
| 245 |
_aI'v Got to Talk to Somebody, God _bNo Pat Answers |
||
| 260 |
_aNew York _bGuideposts Associates, Inc _c1968 |
||
| 300 |
_a145 _c22 Cm |
||
| 500 | _aC/o Moe Lwei | ||
| 650 | _aDevotional | ||
| 856 |
_nKBTS: Library _uKBTS: Elib |
||
| 942 |
_2ddc _cBK |
||
| 990 | _a1 | ||
| 998 |
_cbat _e2015-05-05 |
||
| 999 |
_c11143 _d11143 |
||